Corporate culture and environmental practice : making change at a high-technology manufacturer
Αποθηκεύτηκε σε:
| Κύριος συγγραφέας: | |
|---|---|
| Μορφή: | Βιβλίο |
| Γλώσσα: | English |
| Δημοσίευση: |
Cheltenham :
Edward Elgar,
2007
|
| Θέματα: | |
| Ετικέτες: |
Προσθήκη ετικέτας
Δεν υπάρχουν, Καταχωρήστε ετικέτα πρώτοι!
|
MARC
| LEADER | 00000nam a2200000 i 4500 | ||
|---|---|---|---|
| 001 | 1/90826 | ||
| 008 | 080710s2007 eng d | ||
| 020 | |a 978-1-84720-100-3 | ||
| 035 | |l 10098865 | ||
| 040 | |a GR-MY-UA |b gre |e aacr | ||
| 041 | 0 | |a eng | |
| 082 | 0 | |a 658.4083 |2 (22) | |
| 100 | 1 | |a Howard-Grenville, Jennifer A. |d 1969- | |
| 245 | 1 | 0 | |a Corporate culture and environmental practice : |b making change at a high-technology manufacturer / |c Jennifer A. Howard-Grenville |
| 260 | |a Cheltenham : |b Edward Elgar, |c 2007 | ||
| 300 | |a ix, 165 σ.; |b πίν., σχ. ; |c 24 εκ. | ||
| 504 | |a Βιβλιογραφία: σ. 151-161 | ||
| 504 | |a Ευρετήριο: σ. 163-165 | ||
| 650 | 0 | 0 | |a Industrial management |x Environmental aspects. |
| 650 | 0 | 0 | |a Corporate culture. |
| 852 | |a INST |b LESVOS |e 20080710 |h 658.4083 HOW |p 005100042711 |q 005100042711 |t BK |y 0 | ||
| 901 | |a BIBL1-2008-2 | ||
| 909 | |a Λ |b 143775 | ||
| 922 | |a 1ΕΛΗ |b 200712 |c ΕΠΕΑΕΚ2/ΤΠ |d ΕΛΕΥΘΕΡΟΥΔΑΚΗΣ | ||
| 970 | |a ΧΑΤΖΗΜΙΧΑΗΛ |b ΜΑΡΙΑ |z 2008/07/10 | ||